书目信息 |
| 题名: |
汇编语言程序设计
|
|
| 作者: | 徐建民 , 王东 , 邵艳华 编著 | |
| 分册: | ||
| 出版信息: | 北京 电子工业出版社 2005.2 |
|
| 页数: | 332页 | |
| 开本: | 26cm | |
| 丛书名: | ||
| 单 册: | ||
| 中图分类: | TP313-43 | |
| 科图分类: | ||
| 主题词: | 汇编语言--hui bian yu yan--程序设计--高等学校--教材 , 汇编语言--hui bian yu yan , 程序设计--cheng xu she ji | |
| 电子资源: | ||
| ISBN: | 7-121-00880-7 | |
| 000 | 01443nam0 2200397 450 | |
| 000 | 01408nam0 2200373 450 | |
| 000 | 01371nam0 2200361 450 | |
| 000 | 01328nam0 2200349 450 | |
| 000 | 01317nam0 2200349 450 | |
| 000 | 01280nam0 2200337 45 | |
| 001 | 012005000794 | |
| 005 | 2005028101010.0 | |
| 005 | 20051214084652.91 | |
| 010 | @a7-121-00880-7@dCNY28.00 | |
| 100 | @a20050528d2005 em y0chiy0121 ea | |
| 101 | 0 | @achi |
| 102 | @aCN@b110000 | |
| 105 | @afk z 000yy | |
| 200 | 1 | @a汇编语言程序设计@Ahui bian yu yan cheng xu she ji@f徐建民,王东,邵艳华编著 |
| 205 | @a2版 | |
| 210 | @a北京@c电子工业出版社@d2005.2 | |
| 215 | @a332页@c图@d26cm | |
| 300 | @a信息与电子学科百本精品教材工程 新编计算机类本科规划教材 | |
| 320 | @a有书目(第332页) | |
| 330 | @a本书以80x86/Pentiym系列微处理器为背景,系统地介绍了汇编语言程序设计的基础知识、基本方法和应用技术。全书内容共分12章。分别介绍了汇编语言程序设计的基础知识,汇编语言程序设计的基本方法等内容。 | |
| 333 | @a阅读对象:高等院校计算机及相关专业本、专科师生、相关技术人员等 | |
| 606 | 0 | @a汇编语言@Ahui bian yu yan@x程序设计@x高等学校@j教材 |
| 606 | 0 | @a汇编语言@Ahui bian yu yan |
| 606 | 0 | @a程序设计@Acheng xu she ji |
| 690 | @aTP313-43@v4 | |
| 701 | 0 | @a徐建民@Axu jian min@4编著 |
| 701 | 0 | @a王东@Awang dong@4编著 |
| 701 | 0 | @a邵艳华@Ashao yan hua@4编著 |
| 801 | 0 | @aCN@bSRXX@c20050528 |
| 801 | 0 | @c20051214 |
| 905 | @a10447@dTP313-43@eX734 | |
| 汇编语言程序设计/徐建民,王东,邵艳华编著.-2版.-北京:电子工业出版社,2005.2 |
| 332页:图;26cm |
| 信息与电子学科百本精品教材工程 新编计算机类本科规划教材.-使用对象:阅读对象:高等院校计算机及相关专业本、专科师生、相关技术人员等 |
| ISBN 7-121-00880-7:CNY28.00 |
| 本书以80x86/Pentiym系列微处理器为背景,系统地介绍了汇编语言程序设计的基础知识、基本方法和应用技术。全书内容共分12章。分别介绍了汇编语言程序设计的基础知识,汇编语言程序设计的基本方法等内容。 |
| ● |
| 相关链接 |
|
|
|
正题名:汇编语言程序设计
索取号:TP313-43/X734
 
预约/预借
| 序号 | 登录号 | 条形码 | 馆藏地/架位号 | 状态 | 备注 |
| 1 | 547119 | 205471194 | 自科库301/301自科库 50排6列4层/ [索取号:TP313-43/X734] | 在馆 | |
| 2 | 547120 | 205471201 | 自科库301/301自科库 57排2列2层/ [索取号:TP313-43/X734] | 在馆 | |
| 3 | 547121 | 205471210 | 自科库301/301自科库 57排2列2层/ [索取号:TP313-43/X734] | 在馆 |